| 000 | 00632nam a2200217Ia 4500 | ||
|---|---|---|---|
| 005 | 20250508164040.0 | ||
| 008 | 008 250505s9999 xx 000 0 eng d | ||
| 020 | _a81-220-0458-X | ||
| 037 | _aTextual | ||
| 040 |
_aFEDL _beng _cFEDL |
||
| 041 |
_aeng _2eng |
||
| 084 |
_a305.23, SUM _qFEDL |
||
| 100 | _aSumi Krishna | ||
| 245 | 0 | _aRestoring childhood learning, labour and gender in South Asia | |
| 260 |
_aDelhi, India _bKonark Publishers Pvt. Ltd _c1996 |
||
| 300 | _avi,236p. | ||
| 365 |
_aINR _b300 |
||
| 650 |
_aChildren - Problems _9777179 |
||
| 942 |
_cTEXL _h305.23, SUM |
||
| 999 |
_c1386772 _d1386772 |
||